000
00210nam a2200097Ia 4500
008
240331s9999 xx 000 0 und d
082
_b
APP
100
_a
Appadourai, A
245
0
_a
Irandaam silambakam
942
_c
L
999
_c
3807
_d
3807